000 00789nam a2200253 a 4500
001 25897
003 BD-RjUL
005 20211209050937.0
008 140319s1984 bg b 000 0 eng
035 _a(BD-RjUL)25967
040 _aDLC
_cDLC
_dDLC
_dBD-RjUL
_beng
041 _aeng
082 0 0 _a954.92
_219
_bCHI 1984
100 1 _aChoudhury, A. K.
_979579
245 1 4 _aThe independence of East Bengal :
_ba historical process /
_cA.K. Choudhury.
250 _a1st ed.
260 _aDhaka, Bangladesh :
_bDistributors, Jatiya Grantha Kendra,
_c1984.
300 _aviii, 284, xiii p. ;
_c23 cm.
504 _aIncludes bibliographical references.
651 0 _aBangladesh
_xPolitics and government.
_979580
942 _2ddc
_cBK
_01
999 _c25897
_d25897